| 000 | 00427nam a2200145Ia 4500 | ||
|---|---|---|---|
| 003 | GCL | ||
| 008 | 140319s9999 xx 000 0 eng d | ||
| 040 |
_aGCL / _cGCL |
||
| 082 | 0 | 4 |
_aRef _b670.42 _bOU |
| 100 | 1 | _aOHMI, TADAHIRO | |
| 245 | 1 | 0 |
_aULTRACLEAN TECHNOLOGY HANDBOOK : VOLl 1 : ULTRAPURE WATER / _cOHMI, TADAHIRO |
| 260 |
_a[S.N] : _bMARCEL DEKKER, INC ، _c1993 |
||
| 650 | 0 | 4 | _aMANUFACTURING PROCESSES |
| 942 |
_2ddc _cBK |
||
| 999 |
_c17069 _d17069 |
||